| 000 | 00729cam a2200241 u 4500 | ||
|---|---|---|---|
| 003 | UPN | ||
| 005 | 20240831063801.0 | ||
| 008 | 140909s2004 sp a br 000 j spa d | ||
| 020 | _a8426352677 | ||
| 035 | _aUPN01000199456 | ||
| 040 |
_aMX-MxUPN _bspa _cMX-MxUPN |
||
| 050 | 4 |
_aPZ73 _bS63 2004 |
|
| 100 | 1 |
_aSobrino, Javier _933695 |
|
| 245 | 1 | 3 | _aEl misterio de la niebla |
| 260 |
_aMadrid. : _bEdelvives, _c2004. |
||
| 300 |
_a[32] páginas : _bilustraciones a color |
||
| 650 | 4 |
_aCuentos infantiles españoles _97725 |
|
| 650 | 7 |
_aLibros ilustrados para niños _2 _921365 |
|
| 700 | 1 |
_946415 _aRanucci, Claudia, _d1973- _eilustradora |
|
| 902 | _bVíctorGodínez/150922/M | ||
| 942 |
_2lcc _cLIBRO |
||
| 999 |
_c171557 _d171557 |
||